| 000 | 00522nam a22001697a 4500 | ||
|---|---|---|---|
| 999 |
_c8991 _d8991 |
||
| 008 | 210309b ||||| |||| 00| 0 eng d | ||
| 040 | _aBMS College of Architecture | ||
| 100 | _aGowintharaj, Malini Hema | ||
| 245 | _aSwastha - A Yoga retreat | ||
| 300 | _a33p. | ||
| 500 | _a1BM09AT018 | ||
| 502 |
_8B.Arch _NBMS College of Architecture, Visvesvaraya Technological University (VTU) _aProject report _d2013 |
||
| 650 | _aYoga | ||
| 700 |
_aAjaichandran C K _eGuide |
||
| 700 |
_aBhagyalaxmi M _eGuide |
||
| 942 |
_2ddc _cTHE |
||